Александър Кръстев (Запис номер 185294)
[ съкратено ]
| 000 -Лидер | |
|---|---|
| Контролно поле с фиксирана дължина | 01717nam a2200373 c 4500 |
| 003 - Код на организацията, давaща контролен номер | |
| Контролно поле | BLK |
| 005 - Дата и час на последна редакция | |
| Контролно поле | 20240613093152.0 |
| 008 - Елементи от данни с фиксирана дължина | |
| fixed length control field | 180411b bul|||||r ||||||| ||bul|| |
| 010 ## - Наследен системен номер | |
| LC control number | KNG00194287000 |
| 040 ## - Източник на каталожния запис | |
| Идентификатор на билиотеката - собственик на записа | BLK |
| 041 ## - Код за език | |
| Код за езика на текст/звукозапис или на отделно заглавие | Български |
| Код за езика КДБФ | Български |
| 080 ## - УДК | |
| Текстов определител УДК | Музиканти-творци, композитори |
| УДК код - определител по УДК | 78.071.1 |
| УДК определител | (497.2)(092) |
| УДК - код + определител | 78.071.1(497.2)(092) |
| 080 ## - УДК | |
| Текстов определител УДК | |
| УДК код - определител по УДК | 929 Кръстев, Александър |
| УДК определител | |
| УДК - код + определител | 929 Кръстев, Александър |
| 100 ## - Редна дума - Автор | |
| Автор | Гайтанджиев, Генчо Стоянов |
| Дати, свързани с автора | 1935-2010 |
| R(LIN) | 374025 |
| 139 ## - Редно поле | |
| Редна дума | Ранкова, Велислава |
| Авторски знак | Кръ - К 92 |
| 245 10 - Сведения за заглавието | |
| Заглавие | Александър Кръстев |
| Редно поле (дума) | Генчо Стоянов Гайтанджиев. |
| 257 ## - Страна на издаване | |
| Страна на създаване/издаване | България |
| 260 ## - Област на издателските данни | |
| -- | София |
| Име на издателя, разпространителя и проч. | Наука и изкуство |
| Година на издаване | 1962 |
| 300 ## - Физическа характеристика | |
| Страници | 54 с. |
| Размери/Мащаб | 17 см |
| 380 ## - Жанр | |
| Жанр | Изкуство |
| 500 ## - Общи забележки | |
| Забележка | Списък на композициите и публикациите. |
| 600 #0 - Име на лице, използвано като предмет | |
| За него / За нея | Кръстев, Александър |
| Титли или други наименования, свързани с автора | композитор, цигулар, педагог, ръководител на Варненското музикално училище |
| Свързани дати | 1879 - 1945 |
| Друга информация | Георгиев, Александър Кръстев; Кръстев, Александър Кръстев; Кръстев, Ал. |
| 9 (RLIN) | 376500 |
| 650 #4 - Допълнително описание по предмет – тема | |
| Основно описание – тема или топоним | Композитори, български - биографии |
| 9 (RLIN) | 261390 |
| 653 ## - Ключова дума – ненормативна | |
| Ключова дума | композитори |
| 653 ## - Ключова дума – ненормативна | |
| Ключова дума | биографии |
| 653 ## - Ключова дума – ненормативна | |
| Ключова дума | България |
| 653 ## - Ключова дума – ненормативна | |
| Ключова дума | Александър Кръстев |
| 852 ## - Местоположение | |
| Форматна сигнатура | Цб І 5493 |
| 856 4# - Електронен адрес и достъп | |
| Електронен формат | pdf - файл |
| Път до файла /url/ | |
| 856 4# - Електронен адрес и достъп | |
| Електронен формат | pdf - файл |
| Път до файла /url/ | |
| 942 ## - АРТИКУЛИ | |
| Вид на библиотечния материал | Книги |
| Скрит в OPAC | Не |
| 944 ## - СЪЗДАВАНЕ И РЕДАКЦИЯ на ЗАПИСА | |
| Създаване/Редакция | Създаване |
| Дата на регистрацията/редакция | 24.10.2016 |
| Служител, извършил регистрацията/редакцията | 30540 |
| Статус, дата на статуса | Севдалина Тодорова |
| 944 ## - СЪЗДАВАНЕ И РЕДАКЦИЯ на ЗАПИСА | |
| Създаване/Редакция | Редакция |
| Дата на регистрацията/редакция | 24.10.2016 |
| Служител, извършил регистрацията/редакцията | Ирена_Линкова |
| 999 ## - СИСТЕМНИ КОНТРОЛНИ НОМЕРА | |
| Koha biblionumber | 185294 |
| Koha biblioitemnumber | 185294 |
| Код за отписване | Код за изгубен артикул | Източник на класификационната схема | Код за повреда | Коз за рестрикции | Код за отдаване | Артикулен № | Име на библиотеката - собственик | Име на библиотеката, в която се намира в момента | Статус (Текущо местоположение) | Дата на вписване в системата | Местоположение - отдел | Цена в лева | Инвентарен номер | Систематично азбучна сигнатура | Баркод | Номер на екземпляра | Цена в евро | Служебна бележка | Служебен тип на артикула |
|---|---|---|---|---|---|---|---|---|---|---|---|---|---|---|---|---|---|---|---|
| Изтеглен | Не е изгубен | Universal Decimal Classification | Не е повреден | без рестрикции | заемане за дома | 320895 | Регионална библиотека "Любен Каравелов" Русе | Регионална библиотека "Любен Каравелов" Русе | Отдел Изкуство - подръчен фонд | 1962-01-01 | Отдел Изкуство - подръчен фонд | 0.09 | 16082/62 | ИП 78.071.1(497.2)(092)/К 92 | 16082/62 | 1 | 0.05 | Дост: Pk Вид: Ф N: сф Дата: 01.01.1962 Дата инв: 04.04.2017 Бележки инв: ИП2017 | Книги |
| Изтеглен | Не е изгубен | Universal Decimal Classification | Не е повреден | без рестрикции | заемане за дома | 320896 | Регионална библиотека "Любен Каравелов" Русе | Регионална библиотека "Любен Каравелов" Русе | Отдел Изкуство - подръчен фонд | 1962-01-01 | Отдел Изкуство - подръчен фонд | 1.00 | 665313 | ИП 78.071.1(497.2)(092)/К 92 | 665313 | 2 | 0.51 | Дост: Pk Вид: Ф N: сф Дата: 01.01.1962 Дата инв: 04.04.2017 Бележки инв: ИП2017 | Книги |
| Не е изгубен | Universal Decimal Classification | Не е повреден | само за читалня | ползва се в читалня | 871014 | Регионална библиотека "Любен Каравелов" Русе | Регионална библиотека "Любен Каравелов" Русе | Хранилище | 2022-02-11 | Хранилище | 0.09 | 15673/62 | Цб І 5493 | 900000027285 | 0.05 | Книги |